Study of the allergenic fractions of latex (Record no. 69797)

MARC details
000 -LEADER
fixed length control field 00362nam a2200145Ia 4500
100 ## - MAIN ENTRY--AUTHOR NAME
Personal name Chambeyron C
245 #0 - TITLE STATEMENT
Title Study of the allergenic fractions of latex
260 ## - PUBLICATION, DISTRIBUTION, ETC. (IMPRINT)
Name of publisher Allergy
Year of publication 1992
300 ## - PHYSICAL DESCRIPTION
Number of Pages 92-97
500 ## - GENERAL NOTE
General note Source Year: 1992
650 ## - SUBJECT ADDED ENTRY--TOPICAL TERM
Topical Term Hevea brasiliensis
856 ## - ELECTRONIC LOCATION AND ACCESS
Uniform Resource Identifier BA
942 ## - ADDED ENTRY ELEMENTS (KOHA)
Koha item type Journals
Holdings
Withdrawn status Lost status Damaged status Not for loan Home library Current library Date acquired Serial Enumeration / chronology Koha item type
      Journals RRII Library RRII Library 17/12/2021 Volume 47, Issue 2 Journals